000 00544nam a2200229Ia 4500
008 210210b1995 xxu||||| |||| 00| 0 eng d
020 _a81 7100 731 7
082 _a658.04 BHAM
100 _aBHATIA (B S)
245 _aManagement of public enterprises V1
260 _aNew Delhi.
_bDeep and Deep Publication,
_c1995
300 _axv,470
440 _a1
650 _aV1
650 _apublic
650 _aof
650 _aManagement
650 _aenterprises
690 _aManagement
700 _aBATRA (G S)
906 _a052114
999 _c100213
_d100213